Výkladový slovník výpočetní techniky a komunikací

Salvato in:
Dettagli Bibliografici
Autore principale: Hlavenka, Jiří
Natura: Libro
Lingua:ceco
inglese
Pubblicazione: Praha Computer Press [1999]
Edizione:3. vyd.
Soggetti:
Tags: Aggiungi Tag
Nessun Tag, puoi essere il primo ad aggiungerne!!

MARC

LEADER 00000nam a2200000 4500
001 c117828
005 20221102135312.2
020 |a 80-7226-023-5 
041 0 |a cze 
041 0 |a eng 
044 |a CZ 
245 1 0 |a Výkladový slovník výpočetní techniky a komunikací  |c Jiří Hlavenka a kolektiv 
250 |a 3. vyd. 
264 1 |a Praha  |b Computer Press  |c [1999] 
300 |a 452 s. 
610 2 0 |a technika výpočtová 
610 2 0 |a komunikácia 
610 2 0 |a terminológia 
100 1 |a Hlavenka, Jiří